Manual de los juicios sucesorios

Detalles Bibliográficos
Autor principal: Jur̀ez Cacho, Angel
Formato: eBook
Lenguaje:español
Publicado: Ciudad de Mx̌ico: Ral︢ Jur̀ez Carro Editorial, 2018
Materias:
Acceso en línea:Acceso restringido

MARC

LEADER 00000nam a22000007a 4500
005 20180518223110.0
007 cr|||| ||||
008 180518s2018 mx |||||s|||| 00||0 spa d
035 |a 21728 
040 |a vLex 
090 |c 7984  |d 7984 
100 1 |a Jur̀ez Cacho, Angel 
245 1 0 |a Manual de los juicios sucesorios  |h [Recurso electrn̤ico] /  |c Angel Jur̀ez Cacho 
256 |a Servicio en ln̕ea 
260 |a Ciudad de Mx̌ico:  |b Ral︢ Jur̀ez Carro Editorial,  |c 2018 
300 |a 1 recurso electrn̤ico 
506 1 |a Disponible solo en los productos indicados  |d vLex Global  |d vLex Global (Academic Edition, excluding Law Schools)  |d vLex Global (U.S. Academic Edition, Law Schools)  |d vLex Global (U.S. Academic Edition, excluding Law Schools)  |d vLex Global (Academic Edition, Law Schools) 
650 0 4 |a Derecho Civil  |z Mx̌ico 
740 0 |a vLex Libros (Servicio en ln̕ea) 
856 4 0 |u http://vlex.com/source/manual-juicios-sucesorios-21728  |z Acceso restringido 
942 |c BOOK 
999 0 |a Civil Law